Guess the Taylor Swift Song (no hints) 143 - Statistics

General Stats
  • This quiz has been taken 62 times
  • The average score is 243 of 349
Answer Stats
Answer % Correct
a
100%
I
100%
the
100%
to
100%
we
100%
me
97%
you
97%
You
97%
your
97%
an
94%
And
94%
and
94%
be
94%
I'm
94%
is
94%
my
94%
My
94%
It's
91%
it's
91%
That
91%
this
91%
were
91%
you're
91%
in
88%
In
88%
not
88%
on
88%
On
88%
so
88%
So
88%
love
85%
of
85%
who
85%
why
85%
But
82%
for
82%
had
82%
hear
82%
how
82%
was
82%
when
82%
with
82%
at
79%
don't
79%
Don't
79%
know
79%
now,
79%
now
79%
There
79%
all
76%
best
76%
day
76%
if
76%
I've
76%
have
74%
From
71%
say
71%
up
71%
got
65%
His
62%
back
59%
gonna
59%
or
59%
out
59%
than
59%
am
56%
could
56%
home
56%
their
56%
Even
53%
eyes
53%
mean
53%
today
53%
way
53%
look
50%
Look
50%
anything
47%
come
47%
knew
47%
old
47%
school
47%
big
44%
cold
44%
days
44%
friends
44%
house
44%
laugh
44%
little
44%
run
44%
talk
44%
whole
44%
wrong
44%
away
41%
better
41%
brother
41%
coat
41%
didn't
41%
drive
41%
feel
41%
five
41%
getting
41%
giving
41%
he's
41%
making
41%
side
41%
talking
41%
three
41%
world
41%
years
41%
change
38%
excellent
38%
fall
38%
father
38%
found
38%
lady
38%
long
38%
okay
38%
prettiest
38%
pretty
38%
seven
38%
stronger
38%
thirteen
38%
wide
38%
crying
35%
Daddy's
35%
dwarfs
35%
far
35%
grew
35%
Inside
35%
kitchen
35%
names
35%
near
35%
scared
35%
shine
35%
shop
35%
smiles
35%
space
35%
take
35%
trees
35%
watching
35%
car
32%
God
32%
hold
32%
set
32%
sky
32%
strength
32%
video
32%
window
32%
age
29%
asleep
29%
enough
29%
laughing
29%
princesses
29%
smart
29%
tight
29%
chance
26%
forgotten
26%
grab
26%
keys
26%
paint
26%
pirate
26%
ride
26%
ships
26%
Staying
26%
taking
26%
'Till
26%
Until
26%
legs
24%
patch
24%
pumpkin
24%
smiling
24%
Snow
24%
town
24%
gold
21%
hug
21%
Past
21%
White's
21%
rides
15%
tractor
15%
No matching quizzes found
Score Distribution
Percent of People with Each Score
Percentile by Number Answered
Your Score History
You have not taken this quiz